000 00272nam a2200121Ia 4500
008 190216s9999||||xx |||||||||||||| ||und||
100 _aSinha P K
245 0 _aService Marketing
260 _bHimalaya Publishing House
300 _a253
650 _aCommerce
942 _cBK
999 _c7010
_d7010